[Event "Hampshire Open"]
[Site "Eastleigh"]
[Date "2017.11.04"]
[Round "4"]
[White "Deacon, David"]
[Black "Fernandez, Michael"]
[Result "0-1"]
[WhiteElo "1856"]
[BlackElo "2328"]
[PlyCount "126"]
[EventDate "2017.11.03"]
[EventType "swiss"]
[EventRounds "6"]
[EventCountry "ENG"]
[SourceTitle "BritBase"]
[Source "John Saunders"]
[SourceDate "2017.11.12"]
[SourceVersion "1"]
[SourceVersionDate "2017.11.12"]
[SourceQuality "1"]

1. d4 b5 2. Nf3 Bb7 3. Bf4 e6 4. e3 b4 5. Be2 Nf6 6. a3 a5 7. axb4 axb4 8. Rxa8 Bxa8 9. Nbd2 c5 10. O-O Nc6 11. dxc5 Bxc5 12. Nb3 Be7 13. Nfd4 O-O 14. Bf3 Nxd4 15. Nxd4 Qa5 16. Nb3 Bxf3 17. Qxf3 Qd5 18. Ra1 Rc8 19. Qe2 h6 20. h3 Qc4 21. Qxc4 Rxc4 22. Rc1 Nd5 23. Be5 d6 24. Nd2 Rc6 25. Bg3 Bf6 26. c3 bxc3 27. bxc3 Nxc3 28. Kf1 Ra6 29. f3 d5 30. e4 dxe4 31. Nxe4 Nxe4 32. fxe4 Kh7 33. Rc2 h5 34. Ke2 Kg6 35. Bf2 Ra4 36. Kf3 Ra3+ 37. Ke2 Rb3 38. Be3 Bh4 39. Bf4 Be7 40. Kf2 Ra3 41. Be3 Bf6 42. Ke2 Rb3 43. Bf2 Bc3 44. Be3 Bb2 45. Bf2 Rb5 46. Rc5 Rb4 47. Kd3 Bf6 48. Rc2 Bg5 49. Rc4 Rb2 50. Rc2 Rb3+ 51. Rc3 Rb1 52. Rc2 Bf6 53. Ke2 Ra1 54. Kf3 Ra3+ 55. Ke2 Ra4 56. Kf3 Ra3+ 57. Ke2 Ra6 58. Kf3 Ba1 59. Bh4 Bd4 60. Ke2 Ra4 61. Be1 Ra3 62. Kf1 Kf6 63. Rd2 Ke5 0-1

[Event "Hampshire Open"]
[Site "Eastleigh"]
[Date "2017.11.04"]
[Round "4"]
[White "Williams, Robin"]
[Black "Chapman, Matt"]
[Result "1/2-1/2"]
[WhiteElo "1864"]
[BlackElo "2064"]
[PlyCount "39"]
[EventDate "2017.11.03"]
[EventType "swiss"]
[EventRounds "6"]
[EventCountry "ENG"]
[SourceTitle "BritBase"]
[Source "John Saunders"]
[SourceDate "2017.11.12"]
[SourceVersion "1"]
[SourceVersionDate "2017.11.12"]
[SourceQuality "1"]

1. e4 c6 2. Nc3 d5 3. Nf3 Bg4 4. h3 Bxf3 5. Qxf3 e6 6. e5 c5 7. d3 Nc6 8. Bf4 Nge7 9. O-O-O Ng6 10. Re1 Nxf4 11. Qxf4 Be7 12. Kb1 Qa5 13. Qa4 Qxa4 14. Nxa4 d4 15. b3 Kd7 16. g3 b5 17. Nb2 h5 18. f4 Bd8 19. Bg2 Bc7 20. Rhf1 1/2-1/2

[Event "Hampshire Open"]
[Site "Eastleigh"]
[Date "2017.11.05"]
[Round "5"]
[White "Anderson, Peter"]
[Black "Waddington, Michael P"]
[Result "1-0"]
[WhiteElo "1992"]
[BlackElo "2128"]
[PlyCount "70"]
[EventDate "2017.11.03"]
[EventType "swiss"]
[EventRounds "6"]
[EventCountry "ENG"]
[SourceTitle "BritBase"]
[Source "John Saunders"]
[SourceDate "2017.11.12"]
[SourceVersion "1"]
[SourceVersionDate "2017.11.12"]
[SourceQuality "1"]

1. d4 f5 2. Nc3 d5 3. Bg5 Nf6 4. Bxf6 exf6 5. e3 Be6 6. Qf3 Qd7 7. Nge2 c6 8. Nf4 Bf7 9. a3 g6 10. Bd3 Bd6 11. h3 Qc7 12. g4 Bxf4 13. exf4 fxg4 14. hxg4 Qe7+ 15. Kd2 Kd8 16. Rae1 Qd6 17. f5 g5 18. Rh6 Nd7 19. Reh1 Bg8 20. Ne2 Rc8 21. Qg3 Qf8 22. f4 Qg7 23. fxg5 Qxg5+ 24. Qf4 Qg7 25. c3 Rc7 26. Kc2 Kc8 27. Qg3 Bf7 28. Nf4 c5 29. Kb1 cxd4 30. cxd4 Nb6 31. Ng6 Bxg6 32. fxg6 Qf8 33. Rxh7 Rcxh7 34. gxh7 Nc4 35. Rc1 Kd7 1-0

[Event "Hampshire Open"]
[Site "Eastleigh"]
[Date "2017.11.05"]
[Round "5"]
[White "Stimpson, Philip M"]
[Black "Fernandez, Michael"]
[Result "1/2-1/2"]
[WhiteElo "1944"]
[BlackElo "2328"]
[PlyCount "84"]
[EventDate "2017.11.03"]
[EventType "swiss"]
[EventRounds "6"]
[EventCountry "ENG"]
[SourceTitle "BritBase"]
[Source "John Saunders"]
[SourceDate "2017.11.12"]
[SourceVersion "1"]
[SourceVersionDate "2017.11.12"]
[SourceQuality "1"]

1. e4 c6 2. d4 d5 3. e5 Bf5 4. Nc3 e6 5. g4 Bg6 6. Nge2 c5 7. Be3 Nc6 8. dxc5 Nxe5 9. Nd4 Nc6 10. Bb5 Qc7 11. Qf3 Nf6 12. O-O-O Bxc5 13. Nxe6 Bxe3+ 14. Qxe3 fxe6 15. Qxe6+ Kf8 16. Nxd5 Nxd5 17. Qxd5 Qf4+ 18. Rd2 Rd8 19. Qc5+ Kg8 20. Qc4+ Qxc4 21. Rxd8+ Nxd8 22. Bxc4+ Bf7 23. Rd1 Nc6 24. Bxf7+ Kxf7 25. Rd7+ Kg6 26. Rxb7 Rf8 27. Rc7 Ne5 28. Rxa7 Rxf2 29. b3 Nxg4 30. a4 Ne3 31. Rc7 Rf5 32. b4 Nd5 33. Rc6+ Kf7 34. b5 Ke7 35. c4 Nb4 36. Rc7+ Kd6 37. Rxg7 h5 38. a5 Rc5 39. Rg6+ Kd7 40. Rg7+ Kd6 41. Rg6+ Kd7 42. Rg7+ Kd6 1/2-1/2

[Event "Hampshire Open"]
[Site "Eastleigh"]
[Date "2017.11.05"]
[Round "5"]
[White "Fowler, David"]
[Black "Gregory, Keith DF"]
[Result "1-0"]
[WhiteElo "2040"]
[BlackElo "2040"]
[PlyCount "69"]
[EventDate "2017.11.03"]
[EventType "swiss"]
[EventRounds "6"]
[EventCountry "ENG"]
[SourceTitle "BritBase"]
[Source "John Saunders"]
[SourceDate "2017.11.12"]
[SourceVersion "1"]
[SourceVersionDate "2017.11.12"]
[SourceQuality "1"]

1. d4 d6 2. e4 Nf6 3. Nc3 Nbd7 4. Nf3 e5 5. Be2 Be7 6. O-O c6 7. a4 O-O 8. a5 Re8 9. Re1 Qc7 10. dxe5 dxe5 11. Bc4 h6 12. Bd2 Bf8 13. Na4 b5 14. axb6 axb6 15. Nc3 Rxa1 16. Qxa1 b5 17. Bd3 Nc5 18. Nd1 Bg4 19. Ne3 Be6 20. Bc3 Nfd7 21. Nf1 Bd6 22. h3 Qb7 23. Rd1 Ra8 24. Qc1 Qc7 25. Ng3 Bf8 26. b3 f6 27. Qd2 Kh7 28. Nh4 g6 29. Be2 Ra2 30. Qc1 Bf7 31. Qb1 Ra8 32. Qb2 Ne6 33. Bg4 Bc5 34. Qc1 Rd8 35. Nxg6 1-0

[Event "Hampshire Open"]
[Site "Eastleigh"]
[Date "2017.11.05"]
[Round "5"]
[White "Chapman, Matt"]
[Black "Cordner, David A"]
[Result "1-0"]
[WhiteElo "2064"]
[BlackElo "1984"]
[PlyCount "71"]
[EventDate "2017.11.03"]
[EventType "swiss"]
[EventRounds "6"]
[EventCountry "ENG"]
[SourceTitle "BritBase"]
[Source "John Saunders"]
[SourceDate "2017.11.12"]
[SourceVersion "1"]
[SourceVersionDate "2017.11.12"]
[SourceQuality "1"]

1. e4 c6 2. d4 d5 3. e5 Bf5 4. Nf3 e6 5. Be2 c5 6. O-O Nc6 7. c3 Qb6 8. dxc5 Bxc5 9. b4 Be7 10. Be3 Qc7 11. b5 Na5 12. Qa4 b6 13. c4 Nxc4 14. Rc1 Nh6 15. Nbd2 O-O 16. Nxc4 dxc4 17. Rxc4 Qb7 18. Rac1 Bd8 19. Nd2 Rb8 20. Bf3 Qe7 21. Nb3 Bg6 22. Bxh6 gxh6 23. Nd4 Qg5 24. Nc6 Ra8 25. Nxa7 Rxa7 26. Qxa7 Qxe5 27. a4 Bg5 28. Qxb6 Bxc1 29. Rxc1 Qf4 30. Qc7 Qxa4 31. b6 Qb4 32. b7 Bd3 33. Qc5 Qf4 34. Qxf8+ Kxf8 35. Rc8+ Ke7 36. b8=Q 1-0

[Event "Hampshire Open"]
[Site "Eastleigh"]
[Date "2017.11.05"]
[Round "5"]
[White "Davis, Tim"]
[Black "Williams, Robin"]
[Result "0-1"]
[WhiteElo "1920"]
[BlackElo "1864"]
[PlyCount "106"]
[EventDate "2017.11.03"]
[EventType "swiss"]
[EventRounds "6"]
[EventCountry "ENG"]
[SourceTitle "BritBase"]
[Source "John Saunders"]
[SourceDate "2017.11.12"]
[SourceVersion "1"]
[SourceVersionDate "2017.11.12"]
[SourceQuality "1"]

1. d4 Nf6 2. c4 e5 3. dxe5 Ng4 4. Bf4 Bb4+ 5. Nd2 Nc6 6. Ngf3 Qe7 7. e3 Ngxe5 8. Nxe5 Nxe5 9. Be2 O-O 10. O-O d6 11. Nb3 Rd8 12. a3 Bc5 13. Nxc5 dxc5 14. Qc2 b6 15. Bxe5 Qxe5 16. Bf3 Rb8 17. Rfd1 Bf5 18. Qb3 Rd6 19. Rd5 Qe6 20. Re1 Rbd8 21. e4 Rxd5 22. cxd5 Qe5 23. Qc3 Re8 24. Qxe5 Rxe5 25. g3 f6 26. Bg2 Re7 27. f4 Kf7 28. Kf2 Bc8 29. e5 f5 30. Rd1 Re8 31. b4 cxb4 32. axb4 Ke7 33. b5 a5 34. bxa6 Bxa6 35. Ra1 Bb5 36. Ra7 Kd7 37. Ke3 Kc8 38. Ra8+ Kd7 39. Ra7 Kc8 40. Kd4 Re7 41. e6 c5+ 42. Ke5 Rxa7 43. d6 Kd8 44. g4 fxg4 45. f5 Ra2 46. Be4 Re2 47. Kd5 Rxe4 48. Kxe4 c4 49. Kd4 h5 50. Ke5 c3 51. f6 gxf6+ 52. Kxf6 c2 53. Kf7 Be8+ 0-1

[Event "Hampshire Open"]
[Site "Eastleigh"]
[Date "2017.11.05"]
[Round "5"]
[White "Northcott, Paul"]
[Black "Deacon, David"]
[Result "1-0"]
[WhiteElo "1888"]
[BlackElo "1856"]
[PlyCount "71"]
[EventDate "2017.11.03"]
[EventType "swiss"]
[EventRounds "6"]
[EventCountry "ENG"]
[SourceTitle "BritBase"]
[Source "John Saunders"]
[SourceDate "2017.11.12"]
[SourceVersion "1"]
[SourceVersionDate "2017.11.12"]
[SourceQuality "1"]

1. f4 d5 2. Nf3 Nf6 3. e3 e6 4. d4 c5 5. c3 Be7 6. Bd3 Nc6 7. O-O Bd7 8. Nbd2 cxd4 9. exd4 a6 10. Ne5 Qc7 11. Ndf3 Ne4 12. Nxd7 Qxd7 13. Ne5 Nxe5 14. fxe5 f5 15. exf6 Nxf6 16. Bf4 O-O 17. Qe2 Rae8 18. Rae1 Bd6 19. Be5 Qe7 20. Bb1 Bxe5 21. Qxe5 Nd7 22. Rxf8+ Nxf8 23. g3 Qf6 24. Kg2 Qxe5 25. Rxe5 Nd7 26. Re2 g6 27. Bc2 Nf6 28. h3 Kf7 29. g4 g5 30. Kg3 h6 31. a3 Re7 32. h4 b6 33. Re5 Nd7 34. Re2 Nf6 35. hxg5 hxg5 36. Re5 1-0

[Event "Hampshire Open"]
[Site "Eastleigh"]
[Date "2017.11.05"]
[Round "5"]
[White "Chilton, James"]
[Black "Potter, Mark"]
[Result "1-0"]
[WhiteElo "1760"]
[BlackElo "1904"]
[PlyCount "68"]
[EventDate "2017.11.03"]
[EventType "swiss"]
[EventRounds "6"]
[EventCountry "ENG"]
[SourceTitle "BritBase"]
[Source "John Saunders"]
[SourceDate "2017.11.12"]
[SourceVersion "1"]
[SourceVersionDate "2017.11.12"]
[SourceQuality "1"]

1. e4 d6 2. d4 g6 3. Nf3 Bg7 4. Bc4 c6 5. Nc3 Nf6 6. O-O d5 7. exd5 cxd5 8. Be2 O-O 9. Ne5 Nc6 10. f4 Bf5 11. Be3 Rc8 12. Bf3 Nb4 13. Rc1 Rxc3 14. bxc3 Nxa2 15. Ra1 Nxc3 16. Qe1 Nb5 17. Qb4 a6 18. c4 dxc4 19. Bxb7 Nxd4 20. Rxa6 Nc2 21. Qc5 Nxe3 22. Qxe3 Ng4 23. Qc5 Bd3 24. Nc6 Qd7 25. Qxe7 Bd4+ 26. Kh1 Qxe7 27. Nxe7+ Kg7 28. Re1 Rb8 29. Nc6 Bf2 30. Re7 c3 31. Nxb8 Bxa6 32. Nxa6 Be3 33. Nb4 Nf2+ 34. Kg1 Ne4+ {(1-0, Time)} 1-0

[Event "Hampshire Open"]
[Site "Eastleigh"]
[Date "2017.11.05"]
[Round "6"]
[White "Waddington, Michael P"]
[Black "Williams, Robin"]
[Result "1-0"]
[WhiteElo "2128"]
[BlackElo "1864"]
[PlyCount "82"]
[EventDate "2017.11.03"]
[EventType "swiss"]
[EventRounds "6"]
[EventCountry "ENG"]
[SourceTitle "BritBase"]
[Source "John Saunders"]
[SourceDate "2017.11.12"]
[SourceVersion "1"]
[SourceVersionDate "2017.11.12"]
[SourceQuality "1"]

1. c4 b6 2. Nc3 Bb7 3. e4 e6 4. d4 Bb4 5. Bd3 Ne7 6. Qg4 Ng6 7. h4 h5 8. Qg3 Be7 9. Nf3 Rg8 10. e5 Nh8 11. Bh7 Kf8 12. Bg5 Ng6 13. Bxg6 fxg6 14. Bxe7+ Qxe7 15. Qxg6 Qf7 16. Qxf7+ Kxf7 17. Ng5+ Ke7 18. O-O Nc6 19. Rad1 a6 20. f4 Raf8 21. g3 Nd8 22. d5 Nf7 23. Nce4 Nxg5 24. Nxg5 Rc8 25. Rd2 exd5 26. cxd5 c5 27. Ne4 Ba8 28. Rc1 a5 29. a4 Bb7 30. Kf2 Ba6 31. b3 Rgf8 32. Ke3 Rb8 33. Rc3 Rfc8 34. f5 Rg8 35. Kf4 Rh8 36. d6+ Kf7 37. Ng5+ Ke8 38. e6 Rh6 39. Re3 dxe6 40. d7+ Ke7 41. Nxe6 Rxe6 1-0

[Event "Hampshire Open"]
[Site "Eastleigh"]
[Date "2017.11.05"]
[Round "6"]
[White "Fowler, David"]
[Black "Anderson, Peter"]
[Result "0-1"]
[WhiteElo "2040"]
[BlackElo "1992"]
[PlyCount "124"]
[EventDate "2017.11.03"]
[EventType "swiss"]
[EventRounds "6"]
[EventCountry "ENG"]
[SourceTitle "BritBase"]
[Source "John Saunders"]
[SourceDate "2017.11.12"]
[SourceVersion "1"]
[SourceVersionDate "2017.11.12"]
[SourceQuality "1"]

1. d4 g6 2. c4 Bg7 3. e4 d6 4. Nc3 e5 5. dxe5 dxe5 6. Qxd8+ Kxd8 7. f4 Be6 8. fxe5 Nd7 9. Bg5+ Kc8 10. Nf3 Nxe5 11. O-O-O b6 12. Rd8+ Kb7 13. Rxa8 Kxa8 14. Nd5 Kb7 15. Bf4 Nxf3 16. gxf3 c6 17. Ne3 Bh6 18. Bxh6 Nxh6 19. h4 f6 20. Bh3 Bxh3 21. Rxh3 Rd8 22. h5 g5 23. Kc2 Rd6 24. Rg3 Kc7 25. b4 Kd7 26. Kc3 Ke6 27. c5 bxc5 28. bxc5 Rd7 29. Rg1 Ke5 30. Nc4+ Kf4 31. Nd6 Ng8 32. Kd3 Kxf3 33. e5 fxe5 34. Rxg5 e4+ 35. Kd2 Nh6 36. Ke1 e3 37. Nc4 Rb7 38. Nxe3 Kxe3 39. Re5+ Kd3 40. Re6 Ng4 41. Rd6+ Ke3 42. Re6+ Kd4 43. Rxc6 Kd5 44. Rc8 Ne5 45. Kd2 a5 46. Kc3 Rf7 47. Kb3 Nc6 48. Rg8 Kxc5 49. Rg5+ Kb6 50. a4 Re7 51. Rb5+ Kc7 52. Rg5 Kd6 53. Kc4 Re5 54. Rg1 Rxh5 55. Rd1+ Kc7 56. Rg1 Ne5+ 57. Kb3 Rh3+ 58. Ka2 Kc6 59. Rc1+ Kd5 60. Rc7 Nc4 61. Rb7 Rh2+ 62. Kb3 Rb2+ 0-1

[Event "Hampshire Open"]
[Site "Eastleigh"]
[Date "2017.11.05"]
[Round "6"]
[White "Fernandez, Michael"]
[Black "Northcott, Paul"]
[Result "1-0"]
[WhiteElo "2328"]
[BlackElo "1888"]
[PlyCount "79"]
[EventDate "2017.11.03"]
[EventType "swiss"]
[EventRounds "6"]
[EventCountry "ENG"]
[SourceTitle "BritBase"]
[Source "John Saunders"]
[SourceDate "2017.11.12"]
[SourceVersion "1"]
[SourceVersionDate "2017.11.12"]
[SourceQuality "1"]

1. c3 f5 2. e4 fxe4 3. d3 e3 4. f4 e6 5. Bxe3 Be7 6. Qg4 Bf6 7. Qh5+ g6 8. Qe2 d5 9. Nf3 Nc6 10. d4 Nge7 11. Nbd2 Nf5 12. g3 Bd7 13. a4 a5 14. Bg2 Qe7 15. O-O O-O 16. Ne5 Bxe5 17. fxe5 Nxe3 18. Qxe3 Rxf1+ 19. Nxf1 Rf8 20. h3 Nb8 21. b3 b6 22. Qd2 g5 23. Ne3 h5 24. c4 c6 25. Rc1 Be8 26. cxd5 cxd5 27. Bxd5 exd5 28. Nxd5 Qg7 29. Rc7 Rf7 30. Nf6+ Kf8 31. Rc8 Re7 32. Rxb8 Qg6 33. Nxe8 Rxe8 34. Qf2+ Qf7 35. Rxe8+ Kxe8 36. Qxf7+ Kxf7 37. d5 Ke7 38. Kf2 g4 39. hxg4 hxg4 40. Ke3 1-0

[Event "Hampshire Open"]
[Site "Eastleigh"]
[Date "2017.11.05"]
[Round "6"]
[White "Cordner, David A"]
[Black "Stimpson, Philip M"]
[Result "1/2-1/2"]
[WhiteElo "1984"]
[BlackElo "1944"]
[PlyCount "53"]
[EventDate "2017.11.03"]
[EventType "swiss"]
[EventRounds "6"]
[EventCountry "ENG"]
[SourceTitle "BritBase"]
[Source "John Saunders"]
[SourceDate "2017.11.12"]
[SourceVersion "1"]
[SourceVersionDate "2017.11.12"]
[SourceQuality "1"]

1. d4 Nf6 2. Bg5 Ne4 3. Bf4 c5 4. f3 Qa5+ 5. c3 Nf6 6. d5 d6 7. e4 Nbd7 8. Nd2 g6 9. Nc4 Qc7 10. a4 b6 11. Qd2 Bg7 12. Bd3 O-O 13. h4 h5 14. Bh6 Ne5 15. Bxg7 Nxd3+ 16. Qxd3 Kxg7 17. Ne3 Bd7 18. c4 a6 19. Ne2 b5 20. Nf4 bxa4 21. Qc3 Rab8 22. Ra3 Qb6 23. Nd3 Kg8 24. Rg1 a5 25. Qc1 Kg7 26. Qc3 Kg8 27. Qc1 1/2-1/2

[Event "Hampshire Open"]
[Site "Eastleigh"]
[Date "2017.11.05"]
[Round "6"]
[White "Davis, Tim"]
[Black "Chilton, James"]
[Result "1-0"]
[WhiteElo "1920"]
[BlackElo "1760"]
[PlyCount "65"]
[EventDate "2017.11.03"]
[EventType "swiss"]
[EventRounds "6"]
[EventCountry "ENG"]
[SourceTitle "BritBase"]
[Source "John Saunders"]
[SourceDate "2017.11.12"]
[SourceVersion "1"]
[SourceVersionDate "2017.11.12"]
[SourceQuality "1"]

1. d4 Nf6 2. c4 e6 3. Nf3 d5 4. Bg5 Bb4+ 5. Nc3 O-O 6. a3 Be7 7. e3 Ne4 8. Bxe7 Qxe7 9. Qc2 Nxc3 10. bxc3 Nd7 11. cxd5 exd5 12. Bd3 h6 13. O-O c5 14. Rfe1 c4 15. Bf5 Nf6 16. Nd2 g6 17. Bxc8 Raxc8 18. e4 Rfe8 19. e5 Nh7 20. f4 Rc6 21. Re3 f5 22. Rh3 Kg7 23. Rg3 Nf8 24. Qxf5 Rb6 25. Qc2 Qf7 26. Rf1 Kh8 27. f5 g5 28. Nf3 Rb3 29. e6 Qf6 30. Ne5 h5 31. Nf7+ Kh7 32. Rxg5 Rxa3 33. Qe2 1-0

[Event "Hampshire Major"]
[Site "Eastleigh"]
[Date "2017.11.03"]
[Round "1"]
[White "Coburn, Joe"]
[Black "Stuart, Graham B"]
[Result "0-1"]
[WhiteElo "1856"]
[BlackElo "1696"]
[PlyCount "76"]
[EventDate "2017.11.03"]
[EventType "swiss"]
[EventRounds "6"]
[EventCountry "ENG"]
[SourceTitle "BritBase"]
[Source "John Saunders"]
[SourceDate "2017.11.19"]
[SourceVersion "1"]
[SourceVersionDate "2017.11.19"]
[SourceQuality "1"]

1. d4 Nf6 2. Nf3 g6 3. g3 Bg7 4. Bg2 O-O 5. O-O d6 6. c4 Nc6 7. Nc3 e5 8. d5 Ne7 9. e4 Ne8 10. Qc2 f5 11. Nd2 f4 12. f3 g5 13. g4 h5 14. h3 hxg4 15. hxg4 Ng6 16. b4 Nh4 17. Ba3 Nf6 18. Qd1 Bd7 19. Bh3 Nh5 20. Kf2 Ng3 21. Rg1 c6 22. c5 dxc5 23. bxc5 Qa5 24. Qb3 Rf6 25. Nc4 Qa6 26. Nxe5 Rh6 27. Bf1 Nxf1 28. dxc6+ Be6 29. cxb7 Rb8 30. Qa4 Qxa4 31. Nxa4 Bxe5 32. Raxf1 Rxb7 33. Rh1 Bd4+ 34. Ke2 Bc4+ 35. Ke1 Rb1+ 36. Kd2 Rxf1 37. Rxf1 Bxf1 38. Nc3 Nxf3+ {... 0-1, Time.} 0-1

[Event "Hampshire Major"]
[Site "Eastleigh"]
[Date "2017.11.03"]
[Round "1"]
[White "Agostinelli, Dave"]
[Black "Brown, Geoffrey M"]
[Result "0-1"]
[WhiteElo "1688"]
[BlackElo "1824"]
[PlyCount "134"]
[EventDate "2017.11.03"]
[EventType "swiss"]
[EventRounds "6"]
[EventCountry "ENG"]
[SourceTitle "BritBase"]
[Source "John Saunders"]
[SourceDate "2017.11.19"]
[SourceVersion "1"]
[SourceVersionDate "2017.11.19"]
[SourceQuality "1"]

1. c4 e5 2. g3 Nf6 3. Bg2 Nc6 4. Nc3 Bb4 5. Nd5 Be7 6. Nxe7 Qxe7 7. e3 O-O 8. Ne2 d6 9. O-O Bf5 10. d3 e4 11. dxe4 Bxe4 12. f3 Bf5 13. e4 Be6 14. b3 Rae8 15. Ba3 Kh8 16. Kh1 Nd7 17. Nf4 Nce5 18. Nd5 Qd8 19. Nxc7 Qxc7 20. Bxd6 Qb6 21. Bxf8 Nxf8 22. Qe2 h5 23. Rad1 g5 24. Qb2 f6 25. Qd2 Kg7 26. h3 g4 27. fxg4 hxg4 28. h4 Nfg6 29. Qf2 Qxf2 30. Rxf2 Ne7 31. Rd6 N7c6 32. Rfd2 Nf7 33. R6d3 Nfe5 34. Rd6 Re7 35. Rf2 a5 36. a3 Nf7 37. Rdd2 a4 38. bxa4 Bxc4 39. Rf4 Nfe5 40. Rd6 Re6 41. Rxe6 Bxe6 42. Rf1 Bb3 43. Rb1 Na5 44. Kg1 Bxa4 45. Kf2 Bc6 46. Ke3 Nac4+ 47. Kd4 Nxa3 48. Rc1 Nb5+ 49. Ke3 Nd6 50. Kd4 Kg6 51. Bh1 b5 52. Kc5 Ndc4 53. Rd1 Nb2 54. Rd4 Nbd3+ 55. Rxd3 Nxd3+ 56. Kxc6 b4 57. e5 Nxe5+ 58. Kc5 b3 59. Be4+ f5 60. Bb1 Nf3 61. Kb4 Nd2 62. Bd3 b2 63. Kc3 b1=Q 64. Bxb1 Nxb1+ 65. Kb2 Nd2 66. Kc3 Ne4+ 67. Kd4 Nxg3 0-1

[Event "Hampshire Major"]
[Site "Eastleigh"]
[Date "2017.11.03"]
[Round "1"]
[White "Dore, Alex"]
[Black "Carter, John"]
[Result "0-1"]
[WhiteElo "1816"]
[BlackElo "1680"]
[PlyCount "94"]
[EventDate "2017.11.03"]
[EventType "swiss"]
[EventRounds "6"]
[EventCountry "ENG"]
[SourceTitle "BritBase"]
[Source "John Saunders"]
[SourceDate "2017.11.19"]
[SourceVersion "1"]
[SourceVersionDate "2017.11.19"]
[SourceQuality "1"]

1. e4 e5 2. Nf3 Nc6 3. Bb5 Nf6 4. O-O Nxe4 5. Re1 Nd6 6. Nxe5 Nxe5 7. Rxe5+ Be7 8. Qe2 Nxb5 9. Qxb5 O-O 10. Nc3 c6 11. Qe2 Bf6 12. Re3 d5 13. h3 d4 14. Rd3 Bf5 15. Ne4 Bxe4 16. Qxe4 Re8 17. Qf4 Qe7 18. Rf3 Qe4 19. Qxe4 Rxe4 20. d3 Re1+ 21. Kh2 Rae8 22. b3 R8e2 23. Bb2 Rxa1 24. Bxa1 Rxc2 25. a4 Ra2 26. Rxf6 gxf6 27. Bxd4 Rd2 28. Bxa7 Rxd3 29. b4 Kg7 30. a5 Kg6 31. Bc5 Kf5 32. g3 Ke4 33. h4 f5 34. Kh3 h5 35. Kg2 Kd5 36. Kf1 Rd2 37. Ke1 Rb2 38. Kd1 Kc4 39. Kc1 Ra2 40. Kd1 Kd3 41. Kc1 Rc2+ 42. Kd1 Rc4 43. Bf8 Ke4 44. Kd2 Kf3 45. Kd3 Rc1 46. Bc5 Rxc5 47. bxc5 Kxf2 0-1

[Event "Hampshire Major"]
[Site "Eastleigh"]
[Date "2017.11.03"]
[Round "1"]
[White "Matthew, Ian"]
[Black "O'Gorman, Brendan"]
[Result "1/2-1/2"]
[WhiteElo "1672"]
[BlackElo "1808"]
[PlyCount "58"]
[EventDate "2017.11.03"]
[EventType "swiss"]
[EventRounds "6"]
[EventCountry "ENG"]
[SourceTitle "BritBase"]
[Source "John Saunders"]
[SourceDate "2017.11.19"]
[SourceVersion "1"]
[SourceVersionDate "2017.11.19"]
[SourceQuality "1"]

1. e4 c5 2. Nf3 e6 3. d4 cxd4 4. Nxd4 Nf6 5. Nc3 Bb4 6. Bd3 Nc6 7. Nxc6 bxc6 8. Bd2 O-O 9. O-O e5 10. a3 Be7 11. Ne2 d5 12. Ng3 Rb8 13. Kh1 Qc7 14. b4 dxe4 15. Nxe4 Nxe4 16. Bxe4 f5 17. Bd3 Be6 18. Qe2 Rbd8 19. Rad1 Kh8 20. Bc4 Bd5 21. Bb3 f4 22. Qg4 Rf6 23. Bxd5 cxd5 24. c3 Rg6 25. Qh5 Rh6 26. Qf7 Rf6 27. Qh5 e4 28. Bc1 Rh6 29. Qf7 Rf6 1/2-1/2

[Event "Hampshire Major"]
[Site "Eastleigh"]
[Date "2017.11.03"]
[Round "1"]
[White "Piecha, Lucasz"]
[Black "Hudson, Jeremy"]
[Result "1-0"]
[WhiteElo "1800"]
[BlackElo "1656"]
[PlyCount "127"]
[EventDate "2017.11.03"]
[EventType "swiss"]
[EventRounds "6"]
[EventCountry "ENG"]
[SourceTitle "BritBase"]
[Source "John Saunders"]
[SourceDate "2017.11.19"]
[SourceVersion "1"]
[SourceVersionDate "2017.11.19"]
[SourceQuality "1"]

1. d4 d5 2. c4 c6 3. cxd5 cxd5 4. Nc3 Nf6 5. Nf3 e6 6. e3 Be7 7. Bd3 Nc6 8. O-O O-O 9. b3 Qa5 10. Bb2 Ba3 11. Bxa3 Qxa3 12. Rc1 a6 13. Bb1 Qd6 14. e4 dxe4 15. Nxe4 Nxe4 16. Bxe4 Bd7 17. Rc5 f5 18. Bb1 b6 19. Rc3 Rad8 20. Qc1 Be8 21. Qe3 Nxd4 22. Nxd4 Qxd4 23. Qxe6+ Bf7 24. Qxf5 Bg6 25. Qe6+ Bf7 26. Qh3 g6 27. Rc7 Qd6 28. Rc3 Be6 29. Qh4 Rf4 30. Qg3 Rdf8 31. Re3 Bd5 32. Bd3 b5 33. Be4 Bxe4 34. Rxe4 Qf6 35. Qe3 Rxe4 36. Qxe4 Qf7 37. Qc6 Qf6 38. Qd5+ Qf7 39. Qd4 Qf6 40. Qg4 Qf7 41. h4 Qf5 42. Qd4 Qf6 43. Qe4 Qf5 44. Qe3 Qf7 45. f4 Re8 46. Qg3 Qd5 47. f5 Qd4+ 48. Kh2 Re3 49. Qb8+ Kg7 50. f6+ Kh6 51. Qf4+ Qxf4+ 52. Rxf4 Re8 53. Kh3 Rf8 54. Kg4 Rf7 55. a3 Rf8 56. h5 Rf7 57. g3 Rf8 58. f7 Kg7 59. h6+ Kxh6 60. Rf6 Kg7 61. Rxa6 Rxf7 62. Rb6 Ra7 63. Rxb5 Rxa3 64. Rb6 1-0

[Event "Hampshire Major"]
[Site "Eastleigh"]
[Date "2017.11.03"]
[Round "1"]
[White "Evans, Thomas"]
[Black "Venables, Simon"]
[Result "1/2-1/2"]
[WhiteElo "1640"]
[BlackElo "1792"]
[PlyCount "101"]
[EventDate "2017.11.03"]
[EventType "swiss"]
[EventRounds "6"]
[EventCountry "ENG"]
[SourceTitle "BritBase"]
[Source "John Saunders"]
[SourceDate "2017.11.19"]
[SourceVersion "1"]
[SourceVersionDate "2017.11.19"]
[SourceQuality "1"]

1. e4 c5 2. Nf3 Nc6 3. Bb5 d6 4. Bxc6+ bxc6 5. O-O Bg4 6. d3 e5 7. Re1 g6 8. h3 Be6 9. Nc3 Bg7 10. Bd2 h6 11. Ne2 f5 12. exf5 gxf5 13. Bc3 Kd7 14. Ng3 Nf6 15. Qe2 Nd5 16. Nxe5+ dxe5 17. Bxe5 Bxe5 18. Qxe5 Qf6 19. c4 Qxe5 20. Rxe5 Nb4 21. Rxc5 Nc2 22. Rc1 Nd4 23. Re1 Rhg8 24. Kh2 Rg6 25. Ne2 Nxe2 26. Rxe2 f4 27. g4 fxg3+ 28. fxg3 Rf8 29. g4 Rf3 30. Rce5 Rxd3 31. c5 Rf6 32. Kg2 Rd5 33. Kg3 Rxe5 34. Rxe5 Bxa2 35. Re4 Bd5 36. Ra4 Rf3+ 37. Kh4 Rb3 38. Rxa7+ Ke8 39. Rh7 Bg2 40. Rxh6 Rxh3+ 41. Kg5 Rxh6 42. Kxh6 Ke7 43. Kg7 Ke6 44. g5 Kd5 45. Kf8 Kxc5 46. g6 Kb4 47. g7 Bd5 48. g8=Q Bxg8 49. Kxg8 Kb3 50. Kf7 Kxb2 51. Ke6 1/2-1/2